000 00833nam a2200253 i 4500
001 bg
100 1 _aKRZECHOWSKA, Maria
245 1 0 _aĆwiczenia laboratoryjne z podstaw chemii ogólnej i środowiska przyrodniczego /
_cMaria Krzechowska, Bolesław Krzysztofik.
260 _aWarszawa :
_bWydawnictwa Politechniki Warszawskiej,
_c1992.
300 _a234, [1] s. :
_brys., wykr. ;
_c24 cm.
504 _aBibliogr. s. [235].
650 9 _aChemia analityczna
650 9 _aGleba
_xchemia
_xbadanie
650 9 _aPowietrze
_xchemia
_xbadanie
650 9 _aŚrodowisko człowieka
_xbadanie
650 9 _aWoda
_xchemia
_xbadanie
655 _aPodręczniki akademickie
700 1 _aKRZYSZTOFIK, Bolesław
040 _cBPK
041 0 _apl
080 _a543(075.8)(076)
942 _cKS
008 s pl f |000 0 pol
999 _c6818
_d6818
856 _uhttp://koha.tu.koszalin.pl/cgi-bin/koha/opac-detail.pl?biblionumber=6818
_yKatalog online BPK